000 00465nam a2200145 a 4500
008 120416s1958 xx |||||||||||||| || u
050 _aND 553 Pen
100 _aPenrose, Roland
245 1 0 _aPicasso: his life and work
260 _c1958
350 _a0.00
650 4 _aBIOGRAPHY
650 _aPICASSO--BIOGRAPHY
995 _D0.00
_FCBU-MAIN LIBRARY (Kitwe)
_H1
_I5.00
_M1
_UDAMAGED
_ZMain Library Open Access Collection
999 _c53634
_d53634